000 00620nam a22001937a 4500
999 _c97610
_d97610
005 20230112172346.0
010 _a ENG-114198 ENG-135984
020 _a9789351435754
_c575.00
035 _aEN-97730
035 _aEN-119516
037 _bDBAD/PUB
082 _a808.88
245 _aEssays : UPSC- Civil Services main examination (paper 1) /
260 _aGurgaon
_bLexisNexis
_c2015
270 _a14th Floor, Building No 10, Tower- B, DLF Cyber City, Phase-II,
_bGurgaon
_e122002
300 _avarious pagings
_c25cm(pbk)
490 _aCATAPULT test prep series
942 _2ddc
_cEN
_mESS
_h808.88